Human social behavior: a contemporary view of experimental research (Record no. 14964)

MARC details
000 -LEADER
fixed length control field 00513nam a2200181Ia 4500
082 ## - DEWEY DECIMAL CLASSIFICATION NUMBER
Classification number 302.0724 HUM;
245 #0 - TITLE STATEMENT
Title Human social behavior: a contemporary view of experimental research
260 ## - PUBLICATION, DISTRIBUTION, ETC. (IMPRINT)
Place of publication Homewood
Name of publisher Dorsey Press
Year of publication 1971
300 ## - PHYSICAL DESCRIPTION
Number of Pages 559p.
504 ## - BIBLIOGRAPHY, ETC. NOTE
Bibliography, etc Includes index
650 ## - SUBJECT ADDED ENTRY--TOPICAL TERM
Topical Term Human behaviour - Research
650 ## - SUBJECT ADDED ENTRY--TOPICAL TERM
Topical Term Interpersonal relations
650 ## - SUBJECT ADDED ENTRY--TOPICAL TERM
Topical Term Social psychology
650 ## - SUBJECT ADDED ENTRY--TOPICAL TERM
Topical Term Interpersonal attraction
700 ## - ADDED ENTRY--PERSONAL NAME
Personal name Liebert, Robert M.
700 ## - ADDED ENTRY--PERSONAL NAME
Personal name Baron, Robert A.
942 ## - ADDED ENTRY ELEMENTS (KOHA)
Koha item type Books
Holdings
Withdrawn status Lost status Damaged status Not for loan Home library Current library Date acquired Full call number Accession Number Price effective from Koha item type
        NASSDOC Library NASSDOC Library 08/06/2004 302.0724 HUM; 2597 18/04/2019 Books